Liczby od 1 - 50 w 30 sekund - Statystyki

Ogólne statystyki
  • Ten quiz został rozwiązany 1 303 razy
  • Średni wynik to 39 z 50
Statystyki odpowiedzi
Liczba % Poprawnych
1
100%
2
100%
3
99%
4
99%
5
98%
6
98%
7
98%
8
97%
9
97%
11
95%
10
94%
12
94%
13
93%
14
92%
15
91%
16
90%
17
90%
18
89%
19
88%
20
86%
21
86%
22
85%
23
84%
24
84%
25
84%
26
83%
27
83%
28
82%
29
81%
31
79%
30
77%
33
75%
32
74%
34
73%
35
71%
36
70%
37
68%
38
65%
39
64%
41
61%
40
60%
42
57%
43
53%
44
52%
45
49%
46
46%
47
45%
48
45%
49
42%
50
40%
Nie znaleziono quizów pasujących do podanych kryteriów
Rozkład punktacji
Procent ludzi z każdym wynikiem
Percentyl według liczby udzielonych odpowiedzi
Twoja historia wyników
Nie rozwiązałeś tego quizu